Research Methods in Language Policy and Planning: A Practical Guide

Dettagli Bibliografici
Autore principale: Francis M. Hult, David Cassels Johnson
Natura: Sconosciuto
LEADER 00250 a2200085 4500
020 |a 9781118308394 
100 |a Francis M. Hult, David Cassels Johnson  |9 55309 
245 |a Research Methods in Language Policy and Planning: A Practical Guide 
942 |c BK 
999 |c 46084  |d 46084